[Event "Kieler Open 2016-A"]
[Site "Kiel"]
[Date "2016.07.30"]
[Round "2.20"]
[White "Plüg, Andreas"]
[Black "Tobianski, Fabian"]
[Result "1-0"]
[WhiteElo "2271"]
[BlackElo "1920"]
[PlyCount "73"]

1. d4 Nf6 2. Nf3 e6 3. Bf4 c5 4. e3 b6 5. h3 Bb7 6. Be2 Be7 7. O-O O-O 8. a4 d5
9. Nbd2 Nbd7 10. c3 Rc8 11. a5 Ne4 12. Nxe4 dxe4 13. Nd2 Nf6 14. axb6 axb6 15.
Ra7 Bc6 16. dxc5 bxc5 17. Nc4 Nd5 18. Bh2 Bb5 19. Qc2 Bxc4 20. Bxc4 Bd6 21.
Bxd6 Qxd6 22. Qxe4 Qb6 23. Ra2 Nf6 24. Qc2 Rfd8 25. Raa1 Nd7 26. Rfd1 Ne5 27.
Be2 Rd5 28. Rxd5 exd5 29. Rd1 Rd8 30. Rd2 g6 31. Qd1 Qd6 32. Qa4 Kg7 33. b4
cxb4 34. cxb4 Rb8 35. b5 f6 36. Qd4 Rd8 37. e4 1-0

[Event "Kieler Open 2016-A"]
[Site "Kiel"]
[Date "2016.07.30"]
[Round "2.21"]
[White "Johansson, Thomas"]
[Black "Richter, Rüdiger"]
[Result "1/2-1/2"]
[WhiteElo "2222"]
[BlackElo "1905"]
[PlyCount "64"]

1. Nf3 Nf6 2. c4 c6 3. d4 d5 4. Qb3 dxc4 5. Qxc4 Bg4 6. Nc3 Nbd7 7. e3 e6 8.
Be2 Bd6 9. Qb3 Qb6 10. Qd1 O-O 11. O-O Rac8 12. h3 Bh5 13. Nd2 Bxe2 14. Qxe2
Bb8 15. Nf3 e5 16. dxe5 Nxe5 17. e4 Rfe8 18. Nxe5 Bxe5 19. Be3 Qa5 20. f3 Bb8
21. g4 h6 22. Rf2 Rcd8 23. Qc2 Nd5 24. Nxd5 cxd5 25. Bd2 Qb6 26. Kf1 dxe4 27.
fxe4 Qd4 28. Re2 Qe5 29. Qc3 Qb5 30. a4 Qa6 31. Qa5 Qd3 32. Qc3 Qa6 1/2-1/2

[Event "Kieler Open 2016-A"]
[Site "Kiel"]
[Date "2016.07.30"]
[Round "2.22"]
[White "Gottuk, Stefan"]
[Black "Keyser, Philipp"]
[Result "1/2-1/2"]
[WhiteElo "2203"]
[BlackElo "1865"]
[PlyCount "132"]

1. e4 c5 2. Be2 e6 3. f4 a6 4. Nf3 b5 5. O-O Bb7 6. d3 d5 7. e5 Ne7 8. Qe1 Nd7
9. c3 Nb6 10. b3 h5 11. Nh4 g6 12. Nd2 Nf5 13. Nxf5 gxf5 14. Nf3 Be7 15. d4 Qc7
16. a4 c4 17. axb5 axb5 18. Rxa8+ Bxa8 19. b4 Nd7 20. Ng5 Nf8 21. h4 Ng6 22. g3
Qa7 23. Kh2 Bxg5 24. fxg5 Qa2 25. Qd1 Qa1 26. Qc2 Bc6 27. Bb2 Qa4 28. Qd2 Qa7
29. Ra1 Qb6 30. Kh3 Kd7 31. Bc1 Ra8 32. Rxa8 Bxa8 33. Bxh5 Qa7 34. Bd1 Qa1 35.
Qb2 Qxb2 36. Bxb2 Ke7 37. h5 Nh8 38. g4 fxg4+ 39. Bxg4 Bc6 40. Bc1 Bd7 41. Kh4
Kf8 42. Bd1 Kg7 43. Bc2 Ng6+ 44. Kg4 Kh7 45. Bd1 Kg7 46. Bf3 Bc6 47. Bg2 Kh7
48. Kg3 Kg7 49. Bh3 Bd7 50. Bg4 Kh7 51. Be3 Kg7 52. Bf2 Kh7 53. Kf3 Kg7 54. Bg3
Kh7 55. Ke3 Kg7 56. Be2 Kh7 57. Bf3 Bc6 58. Bg2 Kg7 59. Bf1 Kh7 60. Be1 Kg7 61.
hxg6 fxg6 62. Bd2 Kf7 63. Bc1 Bd7 64. Be2 Kg7 65. Bf3 Bc6 66. Ba3 Kf7 1/2-1/2

[Event "Kieler Open 2016-A"]
[Site "Kiel"]
[Date "2016.07.30"]
[Round "2.23"]
[White "Nonnenmacher, Thomas"]
[Black "Kertesz, Oliver"]
[Result "1-0"]
[WhiteElo "2146"]
[BlackElo "1700"]
[PlyCount "89"]

1. c4 f5 2. g3 Nf6 3. Bg2 e6 4. Nc3 c6 5. d3 Be7 6. e4 fxe4 7. dxe4 e5 8. Nge2
d6 9. O-O Be6 10. b3 Nbd7 11. h3 O-O 12. Qd2 Qc7 13. Ba3 Ne8 14. Rac1 Qa5 15.
Bb2 Rd8 16. Rcd1 Ndf6 17. Kh2 Nh5 18. Bc1 g5 19. Qc2 h6 20. Be3 Neg7 21. Qd2
Rf7 22. f3 Rdf8 23. Rc1 a6 24. Rfd1 Qc7 25. Qe1 Qc8 26. Na4 Rxf3 27. Nb6 Qd8
28. Bxf3 Rxf3 29. Ng1 Rxg3 30. Bf2 g4 31. Bxg3 Nxg3 32. Qxg3 Bh4 33. Qg2 Qxb6
34. hxg4 Qe3 35. Rf1 Kh7 36. Rcd1 Qg5 37. Nh3 Qg6 38. Rxd6 Be7 39. Rxe6 Qxe6
40. Qf3 Kg6 41. Rd1 Bc5 42. Qf5+ Qxf5 43. gxf5+ Kf6 44. Rd7 b5 45. Rc7 1-0

[Event "Kieler Open 2016-A"]
[Site "Kiel"]
[Date "2016.07.30"]
[Round "2.24"]
[White "De Vries, Joel"]
[Black "Untiedt, Urs Arved"]
[Result "1-0"]
[WhiteElo "2086"]
[BlackElo "1636"]
[PlyCount "85"]

1. e4 c5 2. Nf3 d6 3. Bb5+ Bd7 4. Bxd7+ Nxd7 5. O-O Ngf6 6. Re1 e6 7. c4 Be7 8.
Nc3 O-O 9. d4 cxd4 10. Nxd4 a6 11. b3 Rc8 12. Bb2 Nc5 13. Qe2 e5 14. Nf5 Re8
15. Rad1 Bf8 16. Qf3 Ne6 17. Ba3 Nc5 18. Re2 g6 19. Ne3 Ne6 20. Nc2 Rc7 21.
Red2 Rd7 22. g3 Ng5 23. Qe2 Re6 24. h4 Nh3+ 25. Kh2 Bh6 26. Kxh3 Bxd2 27. Qxd2
Kg7 28. Ne3 h5 29. Ncd5 Nxe4 30. Qc2 Nf6 31. Bb2 Nh7 32. f4 f6 33. f5 gxf5 34.
Qxf5 Qe8 35. Rg1 Kh8 36. g4 Rg7 37. Rf1 Ng5+ 38. hxg5 Rxg5 39. Qe4 hxg4+ 40.
Kg2 Rg6 41. Rh1+ Kg7 42. Nf5+ Kg8 43. Nfe7+ 1-0

[Event "Kieler Open 2016-A"]
[Site "Kiel"]
[Date "2016.07.30"]
[Round "2.25"]
[White "Van den Boogaart, Jan Marten"]
[Black "Deutschbein, Christopher"]
[Result "1/2-1/2"]
[WhiteElo "1988"]
[BlackElo "2006"]
[PlyCount "38"]

1. e4 e5 2. Nf3 Nc6 3. d4 exd4 4. Nxd4 Bc5 5. Nb3 Bb6 6. Nc3 d6 7. Nd5 Nge7 8.
Nxb6 axb6 9. Bf4 O-O 10. Be2 f5 11. exf5 Nxf5 12. Qd2 Qf6 13. O-O Be6 14. c3
Nfd4 15. Nxd4 Nxd4 16. Bg5 Nxe2+ 17. Qxe2 Qg6 18. a3 Rae8 19. Qd2 Qf5 1/2-1/2

[Event "Kieler Open 2016-A"]
[Site "Kiel"]
[Date "2016.07.30"]
[Round "2.26"]
[White "Werner, René"]
[Black "Voloshin, Leonid"]
[Result "0-1"]
[WhiteElo "1885"]
[BlackElo "2424"]
[PlyCount "112"]

1. c4 e5 2. g3 Nf6 3. Nc3 Bb4 4. Nd5 Nxd5 5. cxd5 O-O 6. a3 Bc5 7. Bg2 c6 8. d3
cxd5 9. Bd2 Qb6 10. d4 Bxd4 11. e3 Bc5 12. b4 Be7 13. Bxd5 d6 14. Qb3 Nd7 15.
Ne2 Nf6 16. Nc3 Bh3 17. Bf3 Be6 18. Qb2 Bc4 19. Na4 Qa6 20. Nc3 d5 21. b5 Qe6
22. Ne2 Qf5 23. Ng1 Rac8 24. Rc1 Nd7 25. Bc3 Nc5 26. Rd1 Nd3+ 27. Rxd3 Qxd3 28.
Be2 Qe4 29. Bf3 Qf5 30. Bxe5 Bxa3 31. Qxa3 Qxe5 32. Ne2 Bxe2 33. Bxe2 d4 34.
O-O dxe3 35. Qxe3 Qxe3 36. fxe3 Rc7 37. Kf2 Rd8 38. Kf3 g6 39. g4 h6 40. h3 Rd6
41. Ra1 Rf6+ 42. Kg3 Rc3 43. Bf1 Rxe3+ 44. Kg2 Rc3 45. Ra2 b6 46. Be2 Kg7 47.
Rxa7 Rc2 48. Re7 Re6 49. Rxe6 fxe6 50. Kf3 Kf6 51. Bf1 g5 52. Ke3 Ke5 53. Kd3
Rf2 54. Be2 Kf4 55. Bd1 Rh2 56. Kd4 Rd2+ 0-1

[Event "Kieler Open 2016-A"]
[Site "Kiel"]
[Date "2016.07.30"]
[Round "2.27"]
[White "Thieme, Daniel Otis"]
[Black "Quiring, Nikolai"]
[Result "1-0"]
[WhiteElo "1878"]
[BlackElo "2026"]
[PlyCount "55"]

1. e4 e6 2. d4 d5 3. Nd2 Nf6 4. e5 Nfd7 5. f4 c5 6. Ndf3 cxd4 7. Nxd4 Qb6 8.
Ngf3 Nc6 9. c3 Nxd4 10. Nxd4 f6 11. Bd3 f5 12. a4 Nc5 13. Bb5+ Kf7 14. Be3 a6
15. a5 Qc7 16. Be2 Ne4 17. O-O Be7 18. c4 dxc4 19. Qc2 Bd7 20. Bxc4 Rac8 21.
Rfc1 Qd8 22. Nxf5 Bc6 23. Qb3 Nc5 24. Qa2 Bd5 25. Bxd5 exd5 26. Nxe7 Qxe7 27.
Qxd5+ Qe6 28. Rxc5 1-0

[Event "Kieler Open 2016-A"]
[Site "Kiel"]
[Date "2016.07.30"]
[Round "2.28"]
[White "Berger, Joachim"]
[Black "Priemer, Siegfried"]
[Result "1-0"]
[WhiteElo "2022"]
[BlackElo "1883"]
[PlyCount "65"]

1. e4 d6 2. d4 Nf6 3. Nc3 e5 4. Nf3 exd4 5. Nxd4 a6 6. Bd3 c5 7. Nde2 b5 8. Ng3
Be7 9. O-O O-O 10. a4 b4 11. Nce2 Nc6 12. f4 h5 13. e5 dxe5 14. Ne4 Bg4 15. h3
Nxe4 16. hxg4 Nf6 17. g5 Ng4 18. g6 f6 19. Ng3 Qd4+ 20. Kh1 exf4 21. Bxf4 Nce5
22. Nf5 Nxd3 23. Nxe7+ Kh8 24. cxd3 Rfe8 25. Qf3 Rad8 26. Nc6 Qxb2 27. Nxd8
Rxd8 28. Rae1 Qc3 29. Qe2 Rf8 30. Qe7 Rg8 31. Qe6 Nf2+ 32. Rxf2 Qxe1+ 33. Qxe1
1-0

[Event "Kieler Open 2016-A"]
[Site "Kiel"]
[Date "2016.07.30"]
[Round "2.29"]
[White "Rosenburg, Thies"]
[Black "Hagenlüke, Thomas"]
[Result "0-1"]
[WhiteElo "1728"]
[BlackElo "2010"]
[PlyCount "52"]

1. d4 d5 2. Nf3 Nf6 3. c4 e6 4. g3 Bb4+ 5. Bd2 a5 6. Bg2 O-O 7. O-O dxc4 8. Qc2
b5 9. Ne5 Ra6 10. Rd1 Bxd2 11. Nxd2 a4 12. e3 Nfd7 13. b3 Nxe5 14. dxe5 Qd3 15.
Qxd3 cxd3 16. Rac1 axb3 17. Nxb3 Rxa2 18. Rxd3 b4 19. Nc5 Na6 20. Bf3 Nxc5 21.
Rxc5 Ba6 22. Rd1 b3 23. Rb1 Bd3 24. Rxb3 Ra1+ 25. Bd1 Rxd1+ 26. Kg2 Be4+ 0-1

[Event "Kieler Open 2016-A"]
[Site "Kiel"]
[Date "2016.07.30"]
[Round "2.30"]
[White "Mock, Markus"]
[Black "Neuendorf, Max"]
[Result "1/2-1/2"]
[WhiteElo "2002"]
[BlackElo "1874"]
[PlyCount "78"]

1. e4 e6 2. d3 d5 3. Nd2 Nf6 4. g3 c5 5. Bg2 Nc6 6. Ngf3 Be7 7. O-O O-O 8. Re1
b5 9. e5 Nd7 10. Nf1 a5 11. h4 b4 12. a3 bxa3 13. bxa3 Ba6 14. Bf4 a4 15. N1h2
Rb8 16. Bh3 Rb2 17. Bc1 Rb7 18. h5 Nd4 19. Nxd4 cxd4 20. Qg4 Qc7 21. Bh6 g6 22.
hxg6 hxg6 23. Bxf8 Bxf8 24. Qg5 Qxc2 25. Bxe6 fxe6 26. Qxg6+ Kh8 27. Rac1 Qxd3
28. Qxe6 Nc5 29. Qf6+ Kg8 30. Ng4 Ne4 31. Qe6+ Kh8 32. Rc8 Qxa3 33. Qxa6 Rh7
34. Qa8 Rf7 35. Qxd5 Rxf2 36. Rxf8+ Rxf8 37. Ne3 Qb2 38. Nd1 Qa3 39. Ne3 Ng5
1/2-1/2

[Event "Kieler Open 2016-A"]
[Site "Kiel"]
[Date "2016.07.30"]
[Round "2.31"]
[White "Papesch, Dennis"]
[Black "Busse, Tom Niklas"]
[Result "0-1"]
[WhiteElo "1852"]
[BlackElo "1997"]
[PlyCount "92"]

1. d4 d5 2. c4 c6 3. Nc3 Nf6 4. Nf3 dxc4 5. a4 Bf5 6. e3 e6 7. Bxc4 a5 8. O-O
Bb4 9. Qe2 Ne4 10. Nxe4 Bxe4 11. Rd1 O-O 12. Bd2 Bd6 13. Bc3 Qc7 14. h3 Nd7 15.
Rac1 Rad8 16. Nd2 Bg6 17. e4 e5 18. d5 c5 19. Bb5 f5 20. Bxd7 Rxd7 21. f3 Rdf7
22. Rf1 b6 23. Nc4 f4 24. Ra1 Rf6 25. Ra3 Rb8 26. Rb3 Be8 27. Ra1 Bd7 28. Qe1
Bc8 29. Rc1 Rg6 30. Kh2 Rg3 31. Qf1 Ba6 32. Be1 Rg6 33. Qf2 Be7 34. Qd2 h5 35.
Qc3 Bf6 36. d6 Qd8 37. Rd1 Bh4 38. Qc2 Bxe1 39. Rxe1 Kh7 40. Re2 Bxc4 41. Qxc4
Rxd6 42. Qf7 Kh6 43. Rc3 Rd1 44. Qe6+ g6 45. Qxe5 Qh4 46. Qxb8 Qg3# 0-1

[Event "Kieler Open 2016-A"]
[Site "Kiel"]
[Date "2016.07.30"]
[Round "2.32"]
[White "Karlisch, Moritz"]
[Black "Schramm, Daniel"]
[Result "1-0"]
[WhiteElo "1823"]
[BlackElo "1988"]
[PlyCount "93"]

1. d4 g6 2. c4 Bg7 3. Nc3 d6 4. Nf3 Nc6 5. d5 Nb8 6. e4 Nf6 7. Be2 O-O 8. O-O
e5 9. b4 Nh5 10. Be3 f5 11. Bg5 Nf6 12. Nd2 h6 13. Bxf6 Qxf6 14. c5 Qe7 15.
cxd6 cxd6 16. Nc4 Nd7 17. Nb5 Rf6 18. f3 Nf8 19. Rc1 Bd7 20. Na5 Bxb5 21. Bxb5
Nh7 22. Rc3 fxe4 23. fxe4 Rxf1+ 24. Bxf1 Nf6 25. Qc2 Rd8 26. Bb5 a6 27. Bxa6
Nxe4 28. Qxe4 bxa6 29. Nc6 Qc7 30. Rf3 Rf8 31. Rxf8+ Kxf8 32. Qxg6 Qd7 33. Qe6
Qxe6 34. dxe6 d5 35. g4 e4 36. Kf2 Bc3 37. a4 d4 38. b5 axb5 39. axb5 Bb2 40.
b6 Ba3 41. b7 Bd6 42. b8=Q+ Bxb8 43. Nxb8 Ke7 44. Nc6+ Kxe6 45. Nxd4+ Kf6 46.
h4 Kg6 47. Ke3 1-0

[Event "Kieler Open 2016-A"]
[Site "Kiel"]
[Date "2016.07.30"]
[Round "2.33"]
[White "Schmidt, Peter"]
[Black "Saß, Patrick"]
[Result "1-0"]
[WhiteElo "1971"]
[BlackElo "1841"]
[PlyCount "71"]

1. e4 c5 2. Nf3 e6 3. d4 cxd4 4. Nxd4 Nf6 5. Nc3 a6 6. Bd3 Nc6 7. Nxc6 bxc6 8.
e5 Nd5 9. Ne4 Qc7 10. f4 f5 11. exf6 Nxf6 12. Nxf6+ gxf6 13. Qh5+ Kd8 14. Bd2
d5 15. O-O Bc5+ 16. Kh1 Qg7 17. c4 Rg8 18. Ba5+ Ke7 19. g3 Bd7 20. Rae1 Qg4 21.
Qxh7+ Rg7 22. Qf5 Qxf5 23. Bxf5 Rh8 24. Kg2 Kd6 25. Bd3 Rb8 26. b3 Bc8 27. Kf3
e5 28. cxd5 cxd5 29. fxe5+ fxe5 30. Kg2 e4 31. Rf6+ Ke5 32. Rc6 Kd4 33. Bxa6
Bxa6 34. Rxa6 Ke5 35. Rc6 Bd6 36. Bc3+ 1-0

[Event "Kieler Open 2016-A"]
[Site "Kiel"]
[Date "2016.07.30"]
[Round "3.26"]
[White "Saglam, Bülent"]
[Black "Thieme, Daniel Otis"]
[Result "1-0"]
[WhiteElo "2100"]
[BlackElo "1878"]
[PlyCount "125"]

1. e4 c5 2. Nf3 d6 3. g3 Nc6 4. Bg2 g6 5. O-O Bg7 6. Re1 e6 7. c3 Nge7 8. d4
cxd4 9. cxd4 d5 10. Nc3 O-O 11. exd5 Nxd5 12. Nxd5 exd5 13. Ne5 Bf5 14. Nxc6
bxc6 15. Be3 Qb6 16. Qd2 Rab8 17. Rec1 Rfc8 18. b3 Bf8 19. Bf4 Rb7 20. Be5 Be7
21. h3 f6 22. Bf4 Ba3 23. Rd1 Bb4 24. Qb2 Qa5 25. g4 Ba3 26. Qd2 Bb4 27. Qc1
Ba3 28. Bd2 Qa6 29. Qc3 Bd7 30. Qf3 f5 31. Bh6 Re8 32. Re1 Rbb8 33. Bf4 Rbc8
34. Be5 Qa5 35. Qf4 Qb4 36. Bf1 Qf8 37. Qg3 a5 38. Ba6 Ra8 39. Bd3 fxg4 40.
hxg4 Qb4 41. Rab1 Qd2 42. Re2 Qg5 43. f3 c5 44. Rd1 Bb4 45. Kh1 Bc3 46. Bf4 Qf6
47. dxc5 Bc6 48. g5 Qf8 49. Bd6 Qf7 50. Rf1 Rxe2 51. Bxe2 Qf5 52. Qg4 Qf7 53.
f4 Re8 54. Bf3 Bd7 55. Qg2 Bc6 56. Rd1 Re1+ 57. Rxe1 Bxe1 58. Qe2 Bc3 59. Bg4
Bd7 60. Bxd7 Qxd7 {Rest der Notation fehlt.} 61. Kg2 d4 62. Qc4+ Qf7 63. Kf3
1-0

[Event "Kieler Open 2016-A"]
[Site "Kiel"]
[Date "2016.07.30"]
[Round "2.35"]
[White "Arndt, Magnus"]
[Black "Wenske, Hardy"]
[Result "1-0"]
[WhiteElo "1870"]
[BlackElo "1823"]
[PlyCount "69"]

1. e4 c6 2. Nc3 d5 3. Nf3 e6 4. d4 Nd7 5. Bd3 Ne7 6. O-O Ng6 7. Bg5 Be7 8. Bxe7
Nxe7 9. e5 Ng6 10. Ne2 Qb6 11. Rb1 Qa5 12. c3 b5 13. Qc2 Qd8 14. g3 a6 15. a4
Bb7 16. Nd2 Rc8 17. f4 c5 18. f5 exf5 19. Bxf5 Ne7 20. e6 Nxf5 21. exd7+ Qxd7
22. Qxf5 Qxf5 23. Rxf5 O-O 24. axb5 axb5 25. Nb3 g6 26. Re5 Rfe8 27. Rxe8+ Rxe8
28. Kf2 c4 29. Nc5 Bc8 30. Nf4 Be6 31. Re1 Ra8 32. Ncxe6 fxe6 33. Rxe6 Ra2 34.
Re2 b4 35. cxb4 1-0

[Event "Kieler Open 2016-A"]
[Site "Kiel"]
[Date "2016.07.30"]
[Round "2.37"]
[White "Millgramm, Stephan"]
[Black "Topalov, Mihail"]
[Result "0-1"]
[WhiteElo "1800"]
[BlackElo "1927"]
[PlyCount "56"]

1. e4 c5 2. d4 cxd4 3. c3 dxc3 4. Nxc3 Nc6 5. Nf3 d6 6. Bc4 e6 7. O-O Nf6 8.
Qe2 Be7 9. Rd1 e5 10. h3 O-O 11. Be3 Be6 12. Bxe6 fxe6 13. Qc4 Qc8 14. Rac1 h6
15. Qa4 a6 16. b4 Qe8 17. Qb3 Qf7 18. b5 axb5 19. Qxb5 Rfb8 20. Bb6 Bf8 21. Ne1
Rc8 22. f3 Ra3 23. Qb2 Rca8 24. Nc2 R3a6 25. Ne3 Nd7 26. Bc7 Nd4 27. Nc4 b5 28.
Ne3 Nc5 0-1

[Event "Kieler Open 2016-A"]
[Site "Kiel"]
[Date "2016.07.30"]
[Round "2.38"]
[White "Keyser, Robin"]
[Black "Christensen, Andreas"]
[Result "0-1"]
[WhiteElo "1925"]
[BlackElo "1773"]
[PlyCount "118"]

1. Nf3 Nf6 2. g3 g6 3. Bg2 Bg7 4. c4 c5 5. O-O O-O 6. d4 d6 7. Nc3 a6 8. Qc2
Nbd7 9. dxc5 Nxc5 10. b4 Bf5 11. Qd1 Nfe4 12. Nxe4 Bxa1 13. Nxc5 dxc5 14. Be3
Bg7 15. Qxd8 Rfxd8 16. Bxc5 e5 17. Nh4 Bc8 18. Bd5 Bh3 19. Rd1 Be6 20. e4 b5
21. Bb6 bxc4 22. Bxd8 Rxd8 23. Rc1 Bxd5 24. exd5 Rxd5 25. Rxc4 Kf8 26. Nf3 h6
27. a4 Ke7 28. Kg2 Ke6 29. Ne1 Rd4 30. Rc6+ Rd6 31. Rc4 Rd4 32. Rc6+ Rd6 33.
Rc4 Bf8 34. Nc2 f5 35. h3 g5 36. Rc8 Be7 37. Rh8 Kd5 38. Ne3+ Ke4 39. g4 f4 40.
Nf5 f3+ 41. Kg3 Rd7 42. Rh7 h5 43. Rxe7 h4+ 44. Kh2 Rd2 45. Rc7 Rxf2+ 46. Kg1
Rg2+ 47. Kf1 Rh2 48. Rc3 Rxh3 49. Re3+ Kf4 50. b5 axb5 51. axb5 Kxg4 52. Rxe5
Kf4 53. Rc5 g4 54. Kg1 g3 55. Nxg3 hxg3 56. Rc4+ Ke5 57. Rc5+ Kd6 58. Rf5 g2
59. Kf2 Rh1 0-1

[Event "Kieler Open 2016-A"]
[Site "Kiel"]
[Date "2016.07.30"]
[Round "2.39"]
[White "Riha, Peter"]
[Black "Apitzsch, Leon Fabian"]
[Result "1/2-1/2"]
[WhiteElo "1743"]
[BlackElo "1841"]
[PlyCount "83"]

1. d4 Nf6 2. c4 e6 3. Nf3 b6 4. g3 Ba6 5. Qa4 Be7 6. Bg2 Bb7 7. O-O O-O 8. Nc3
c5 9. Rd1 cxd4 10. Nxd4 Bxg2 11. Kxg2 Qc7 12. e4 d6 13. f3 Nbd7 14. Nc6 Nc5 15.
Nxe7+ Qxe7 16. Qc2 a6 17. Bf4 Rfd8 18. Qe2 Rac8 19. Rd2 e5 20. Be3 Qc7 21. Rad1
Ne6 22. Nd5 Nxd5 23. Rxd5 h6 24. b3 Kf8 25. Qd2 Ke7 26. Qb4 Rb8 27. Rxe5 a5 28.
Qa3 a4 29. Red5 axb3 30. axb3 Ra8 31. Qb4 Nc5 32. Qc3 f6 33. Bf4 Nb7 34. Qb4
Ra2+ 35. R5d2 Rxd2+ 36. Rxd2 Qc5 37. Qc3 Qc7 38. Rd5 Nc5 39. Be3 Ra8 40. Qb2
Nd7 41. Bf4 Ne5 42. Be3 1/2-1/2

[Event "Kieler Open 2016-A"]
[Site "Kiel"]
[Date "2016.07.30"]
[Round "2.40"]
[White "Rosmait, Emily"]
[Black "Rützler, Maximilian"]
[Result "1-0"]
[WhiteElo "1920"]
[BlackElo "1691"]
[PlyCount "71"]

1. e4 c5 2. Nf3 d6 3. Bb5+ Bd7 4. Bxd7+ Qxd7 5. O-O Nc6 6. Re1 g6 7. d4 cxd4 8.
Nxd4 Bg7 9. Be3 Nf6 10. f3 O-O 11. c4 Rfc8 12. b3 Ne8 13. Nc3 Nc7 14. Rc1 Nxd4
15. Bxd4 Bxd4+ 16. Qxd4 e5 17. Qd3 Ne6 18. Nb5 Rc6 19. Red1 a6 20. Nc3 Rac8 21.
Nd5 Qd8 22. a4 Nc5 23. Qe3 Ne6 24. Qd2 Nd4 25. Qe3 Ne6 26. Rc3 Nc5 27. Rc2 Ne6
28. Rcd2 a5 29. Nc3 R8c7 30. g3 Kg7 31. Nd5 Rd7 32. Qc3 f6 33. Qe3 Qf8 34. f4
Nc5 35. Rf1 Rc8 36. Nb6 1-0

[Event "Kieler Open 2016-A"]
[Site "Kiel"]
[Date "2016.07.30"]
[Round "2.41"]
[White "Frost, Peter"]
[Black "Schmieder, Kerstin"]
[Result "1-0"]
[WhiteElo "1907"]
[BlackElo "1654"]
[PlyCount "51"]

1. d4 e6 2. c4 Nf6 3. Nc3 d5 4. cxd5 exd5 5. Bg5 Be7 6. e3 Bf5 7. Bxf6 Bxf6 8.
Qb3 Qc8 9. Nxd5 Nd7 10. Rc1 c6 11. Bd3 Bxd3 12. Qxd3 O-O 13. Nf3 Qd8 14. Nxf6+
Nxf6 15. O-O Qa5 16. a3 Rad8 17. Qc3 Qh5 18. Qc5 Rd5 19. Qxa7 Ne4 20. Qxb7 Qg4
21. h3 Qg6 22. Rxc6 Nd6 23. Qb6 Re8 24. Ne5 Qf6 25. e4 Rb5 26. Qxb5 1-0

[Event "Kieler Open 2016-A"]
[Site "Kiel"]
[Date "2016.07.31"]
[Round "3.1"]
[White "Thorgeirsson, Sverrir"]
[Black "Baramidze, David"]
[Result "0-1"]
[WhiteElo "2282"]
[BlackElo "2594"]
[PlyCount "80"]

1. e4 e5 2. Nf3 Nc6 3. Bc4 Bc5 4. O-O d6 5. d3 Nf6 6. Be3 O-O 7. h3 Bxe3 8.
fxe3 Ne7 9. Nc3 Ng6 10. Qe1 c6 11. Bb3 a5 12. Nh4 Nxh4 13. Qxh4 b5 14. a4 b4
15. Ne2 Be6 16. Bxe6 fxe6 17. d4 Qb6 18. Kh1 h6 19. Rad1 Kh7 20. dxe5 dxe5 21.
Rf3 Qa6 22. Rd2 c5 23. Nc1 Qb7 24. Rd6 Nxe4 25. Rxe6 Ng5 26. Rxf8 Rxf8 27. Rxe5
Qc7 28. Nd3 c4 29. Qd4 Rf1+ 30. Kh2 cxd3 31. Qxd3+ Kg8 32. Qxf1 Qxe5+ 33. g3
Qxe3 34. h4 Qd2+ 35. Kg1 Qe3+ 36. Kh2 Ne4 37. Qc4+ Kh7 38. Qc7 Qf2+ 39. Kh3
Qf1+ 40. Kh2 Qe2+ 0-1

[Event "Kieler Open 2016-A"]
[Site "Kiel"]
[Date "2016.07.31"]
[Round "3.2"]
[White "Braun, Arik"]
[Black "Ressler, Eckart"]
[Result "1-0"]
[WhiteElo "2569"]
[BlackElo "2194"]
[PlyCount "55"]

1. d4 d5 2. c4 dxc4 3. Nf3 a6 4. a4 Nf6 5. e3 e6 6. Bxc4 c5 7. O-O Nc6 8. Nc3
Be7 9. Qe2 cxd4 10. exd4 O-O 11. Rd1 Nd5 12. Qe4 Nf6 13. Qh4 Nd5 14. Qh3 Bd7
15. Bd3 f5 16. Nxd5 exd5 17. Bf4 Rc8 18. Qg3 Bf6 19. Bd6 Re8 20. Qf4 Re4 21.
Bxe4 fxe4 22. Ne5 Be6 23. Nxc6 Rxc6 24. Be5 Bg5 25. Qg3 Bc8 26. Rdc1 Rg6 27.
Rc7 e3 28. f4 1-0

[Event "Kieler Open 2016-A"]
[Site "Kiel"]
[Date "2016.07.31"]
[Round "3.3"]
[White "Krause, Jonah"]
[Black "Lanka, Zigurds"]
[Result "1-0"]
[WhiteElo "2268"]
[BlackElo "2450"]
[PlyCount "73"]

1. d4 Nf6 2. c4 c5 3. d5 b5 4. cxb5 a6 5. bxa6 g6 6. Nc3 Bg7 7. Nf3 Bxa6 8. e4
Bxf1 9. Kxf1 O-O 10. g3 Qb6 11. Kg2 e6 12. Rb1 Qb7 13. Bf4 exd5 14. exd5 Na6
15. a3 Rfe8 16. Qd3 Nh5 17. Be3 d6 18. Nb5 Rad8 19. b4 Qa8 20. Rhd1 h6 21. bxc5
dxc5 22. d6 Nf6 {(=)} 23. h3 Rd7 24. Bc1 c4 25. Qxc4 Rc8 26. Qa4 Ne4 27. Nc7
Nxc7 28. Qxd7 Ne6 29. Qb7 Nc3 30. d7 Rd8 31. Qxa8 Rxa8 32. Be3 Bf6 33. Rdc1
Rxa3 34. Ra1 Rxa1 35. Rxa1 Nd5 36. Ra8+ Kg7 37. Bd4 1-0

[Event "Kieler Open 2016-A"]
[Site "Kiel"]
[Date "2016.07.31"]
[Round "3.4"]
[White "Parvanyan, Ashot"]
[Black "Ernst, Thomas"]
[Result "1/2-1/2"]
[WhiteElo "2240"]
[BlackElo "2357"]
[PlyCount "75"]

1. d4 Nf6 2. Nf3 g6 3. c4 Bg7 4. g3 O-O 5. Bg2 d6 6. O-O Nc6 7. Nc3 a6 8. h3
Rb8 9. e4 b5 10. d5 Na5 11. cxb5 axb5 12. b4 Nc4 13. Nd4 Bd7 14. a4 bxa4 15. b5
e6 16. Rxa4 Nb6 17. Ra7 exd5 18. exd5 Ra8 19. Rxa8 Qxa8 20. Qb3 Re8 21. Be3 Qc8
22. Kh2 h5 23. Na4 Nxa4 24. Qxa4 h4 25. Bg5 Ne4 26. Bc1 hxg3+ 27. fxg3 f5 28.
Nc6 Qb7 29. Re1 Nc3 30. Rxe8+ Bxe8 31. Qh4 Qxb5 32. Qe7 Qe2 33. Be3 Bxc6 34.
dxc6 Nd5 35. Qd8+ Kh7 36. Qh4+ Kg8 37. Qd8+ Kh7 38. Qh4+ 1/2-1/2

[Event "Kieler Open 2016-A"]
[Site "Kiel"]
[Date "2016.07.31"]
[Round "3.5"]
[White "Bharadwaj, Dhanush"]
[Black "Möller, Dustin"]
[Result "1/2-1/2"]
[WhiteElo "2296"]
[BlackElo "1985"]
[PlyCount "86"]

1. c4 Nf6 2. g3 c6 3. Bg2 d5 4. Nf3 dxc4 5. O-O Nbd7 6. Na3 Nb6 7. Qc2 Be6 8.
Ng5 Bg4 9. f3 Bh5 10. Nxc4 h6 11. Nh3 Bg6 12. e4 Qd4+ 13. Ne3 e5 14. Kh1 Rd8
15. Nf2 Bb4 16. Rd1 O-O 17. a3 Be7 18. Rb1 Nfd5 19. b3 Nxe3 20. dxe3 Qc5 21.
Qe2 Rxd1+ 22. Nxd1 f6 23. Bb2 Bf7 24. b4 Qc4 25. Qe1 Rd8 26. Nc3 Qd3 27. Rd1
Qc2 28. Rxd8+ Bxd8 29. Qc1 Qxc1+ 30. Bxc1 Nc4 31. Bf1 Bb6 32. Bxc4 Bxc4 33. Kg2
Kf7 34. Kf2 a5 35. Bd2 axb4 36. axb4 Ke7 37. Bc1 Ba7 38. Na4 Bb5 39. Nc3 Bc4
40. Na4 b6 41. Ba3 Ke6 42. Ke1 Bb3 43. Nb2 b5 1/2-1/2

[Event "Kieler Open 2016-A"]
[Site "Kiel"]
[Date "2016.07.31"]
[Round "3.6"]
[White "Krause, Benedict"]
[Black "Schoonackers, Jeroen"]
[Result "1-0"]
[WhiteElo "2381"]
[BlackElo "2055"]
[PlyCount "77"]

1. e4 e5 2. Nf3 Nc6 3. Bc4 Bc5 4. O-O Nf6 5. d3 a6 6. c3 Ba7 7. Re1 d6 8. Bb3
O-O 9. h3 h6 10. Nbd2 Be6 11. Nf1 Re8 12. Ng3 Qd7 13. Bc2 d5 14. exd5 Bxd5 15.
Nh4 Rad8 16. Nhf5 Ne7 17. Rxe5 Nxf5 18. Rxf5 Be4 19. Rxf6 gxf6 20. Nxe4 Rxe4
21. d4 Bxd4 22. cxd4 Qxd4 23. Be3 Qxd1+ 24. Bxd1 Kg7 25. Rc1 Re7 26. Bf3 c6 27.
Rc4 f5 28. Kh2 Re6 29. Kg3 Kg6 30. Rh4 Kg7 31. Rc4 Kg6 32. Kf4 Rdd6 33. Rc5 Rf6
34. h4 h5 35. Rc1 Rfe6 36. Rh1 Rd8 37. Rh3 Kf6 38. Rg3 Rd3 39. Rg5 1-0

[Event "Kieler Open 2016-A"]
[Site "Kiel"]
[Date "2016.07.31"]
[Round "3.7"]
[White "Fries-Nielsen, Jens Ove"]
[Black "Nonnenmacher, Thomas"]
[Result "1-0"]
[WhiteElo "2359"]
[BlackElo "2146"]
[PlyCount "67"]

1. d4 Nf6 2. Bg5 g6 3. Bxf6 exf6 4. e4 d6 5. Bd3 Bg7 6. Nf3 Nc6 7. c3 O-O 8.
O-O Ne7 9. Re1 Re8 10. Nbd2 f5 11. e5 Nd5 12. exd6 Rxe1+ 13. Qxe1 cxd6 14. Bc4
Nc7 15. a4 Bd7 16. Qd1 Rb8 17. Qb3 Qf6 18. Re1 Bf8 19. d5 Bh6 20. Nf1 g5 21.
Nd4 g4 22. Nc6 Bxc6 23. dxc6 d5 24. Bd3 b6 25. Qc2 f4 26. Bxh7+ Kg7 27. Bf5 Qg5
28. Bd7 Kf6 29. Qd3 Bf8 30. Qd4+ Kg6 31. Re5 Qf6 32. Qd3+ Kh6 33. Rf5 Qg6 34.
Qd4 1-0

[Event "Kieler Open 2016-A"]
[Site "Kiel"]
[Date "2016.07.31"]
[Round "3.8"]
[White "Wichmann, Cliff"]
[Black "Grote, Dirk"]
[Result "1-0"]
[WhiteElo "2314"]
[BlackElo "2139"]
[PlyCount "139"]

1. e4 c6 2. d4 d5 3. exd5 cxd5 4. c4 Nf6 5. Nc3 Nc6 6. c5 e5 7. dxe5 Nxe5 8.
Be3 Be7 9. Bb5+ Nc6 10. Nge2 O-O 11. h3 Ne4 12. Qxd5 Qxd5 13. Nxd5 Bxc5 14.
Bxc5 Nxc5 15. Rc1 a6 16. Rxc5 axb5 17. Rxb5 Rxa2 18. O-O Re8 19. Nec3 Ra5 20.
Rb6 Kf8 21. Ne3 Ra6 22. Rxa6 bxa6 23. Ncd5 Bb7 24. Rc1 Rc8 25. Kf1 Ne7 26.
Rxc8+ Nxc8 27. Ke2 Ke8 28. Kd3 Kd7 29. Kd4 Bxd5 30. Kxd5 Nb6+ 31. Kd4 h5 32. b3
g6 33. Kc5 Kc7 34. Nc2 Nd7+ 35. Kd4 Kd6 36. Ne3 Nb6 37. g3 f6 38. f3 Kc6 39. h4
Kd6 40. g4 hxg4 41. fxg4 Nd7 42. b4 Nf8 43. Nd1 Ne6+ 44. Ke4 Ng7 45. Ne3 Kc6
46. Kd4 Kb5 47. Kc3 f5 48. gxf5 gxf5 49. Nd5 Nh5 50. Kd4 f4 51. Ke4 Kc4 52.
Nxf4 Ng3+ 53. Kf3 Nf5 54. h5 Kxb4 55. Kg4 Nh6+ 56. Kg5 Nf7+ 57. Kg6 Ne5+ 58.
Kf5 Nf7 59. Nd3+ Kc3 60. Kg6 Nh8+ 61. Kg7 Kxd3 62. Kxh8 a5 63. h6 a4 64. h7 a3
65. Kg8 Kc2 66. h8=Q Kb1 67. Qh1+ Kb2 68. Qg2+ Kb1 69. Qe4+ Kb2 70. Qb4+ 1-0